Buslinie 60 - Leipzig - Statistiken

Allgemein
  • Dieses Quiz wurde 5 mal gespielt
  • Das Durchschnittsergebnis liegt bei 21 aus 27
Antwortstatistiken
Antwort Übergang % Korrekt
Adler 1, 2, 3, 74
100%
Bayerischer Bahnhof 2, 9, 16, S1, S2, S3, S4, S5, S5X, S6
100%
Fockestraße 74, 89
100%
Karl-Liebknecht-/Kurt-Eisner-Straße 10, 11, 74
100%
Kurt-Eisner-/Arthur-Hoffmann-Straße 9, 74
100%
Lindenau, Bushof 8, 15, 80
100%
Lindenauer Hafen
100%
Lipsiusstraße
100%
Ostplatz (12), 15
100%
Rennbahn 74
100%
Riebeck-/Oststraße 4, 70
100%
Rödelstraße 1, 2, 74
100%
Antonien-/Gießerstraße 1, 2
75%
Holsteinstraße
75%
Johannisallee 2, 9
75%
Liebigstraße
75%
Naumburger Straße
75%
Nonnenweg 74
75%
Rochlitzstraße 74
75%
S-Bf Plagwitz 14, S1
75%
Schulze-Boysen-Straße
75%
Dr.-Hermann-Duncker-Straße 80
50%
Körnerstraße 9
50%
Zollschuppenstraße
50%
Hafentor
25%
Siemensstraße
25%
Gröpplerstraße
0%
Keine übereinstimmenden Quizze gefunden
Verteilung der Resultate
Anzahl Personen mit jedem Resultat
Perzentil nach korrekt beantworteten Fragen
Ihre Resultats-Entwicklung
Sie haben dieses Quiz noch nicht gespielt